Normal view
MARC view
- Grail
Entry Topical Term
001 - CONTROL NUMBER
- control field: 6318
003 - CONTROL NUMBER IDENTIFIER
- control field: NUST
005 - DATE AND TIME OF LATEST TRANSACTION
- control field: 20171113125246.0
008 - FIXED-LENGTH DATA ELEMENTS
- fixed length control field: 171113|| aca||aabn | a|a d
040 ## - CATALOGING SOURCE
- Original cataloging agency: NUST
- Transcribing agency: NUST
150 ## - HEADING--TOPICAL TERM
- Topical term or geographic name entry element: Grail
- Form subdivision: Fiction.
670 ## - SOURCE DATA FOUND
- Source citation: Work cat.: (NUST)0: Scarrow, Alex. 6315, Time riders: gates of rome /, 2012.
